000 00796nam0a22002411 4500
001 rc\264861
005 20030307115541.0
010 _a5-265-00151-5
_915000
035 _a(NLR Aleph) 005470058
090 _a5037591
_c5037591
100 _a20030307d1996 u |0rusy50 ca
101 0 _arus
102 _aRU
105 _aa |||||||||
200 1 _aЗверинец у крыльца
_e[Для сред. и ст. шк. возраста]
_fСтанислав Старкович
_g[Худож. С.П. Тюнин]
210 _aМ.
_cРус. кн.
_dБ. г. (1996)
215 _a364, [2] с.
_cил.
_d21
700 1 _aСтарикович
_bС. Ф.
_gСтанислав Францевич
801 0 _aRU
_bNLR
_gpsbo
801 1 _aRU
_bELAR
_2rusmarc
852 _aNLR
_j96-3/3711
942 _cBOOK
980 _aNB